CINCUENTA AÑOS DE BANCA CENTRAL: ENSAYOS CONMEMORATIVOS 1925-1975/

INDICES

Furkejuvvon:
Bibliográfalaš dieđut
Eará dahkkit: Fernández Hurtado, Ernesto (selección) (selección)
Materiálatiipa: Girji
Ráidu:LECTURAS; 17
Fáttát:
Fáddágilkorat: Lasit fáddágilkoriid
Eai fáddágilkorat, Lasit vuosttaš fáddágilkora!

MARC

LEADER 00000nam^a2200000^a^4500
001 000220172
005 20250521000000.0
009 20260526131844.909
035 |a 030614 
037 |a Acervo Xavier Clavigero 
082 |a 332. 11  |b CIN 
245 1 0 |a CINCUENTA AÑOS DE BANCA CENTRAL:  |b ENSAYOS CONMEMORATIVOS 1925-1975/  |c SELEC. ERNESTO FERNANDEZ HURTADO 
264 |a MEXICO :  |b FONDO DE CULTURA ECONOMICA,  |c 1976 
300 |a 480p. 
336 |a texto  |b txt  |2 rdacontenido 
337 |a sin mediación  |b n  |2 rdamedio 
338 |a volumen  |b nc  |2 rdasoporte 
440 |a LECTURAS;  |v 17 
520 |a INDICES 
649 |a XX 
650 |a Bancos y Operaciones Bancarias 
650 |a Bancos y Operaciones Bancarias -  |z México -  |x Historia 
650 |a Política Monetaria -  |z México 
700 |a Fernández Hurtado, Ernesto  |e (selección) 
910 |a Fondo General 
920 |a Impresos - Libros 
930 |a Colección General 
905 |a 101 
901 |a 030614  |b IT1  |c ACC  |i 030614  |u 20250521 
901 |a 028128  |b IT1  |c ACC  |i 028128  |u 20250521 
902 |a https://opac.biblio.iteso.mx/vufind/Record/000220172